00836cam a22002651a 4500001001300000003000400013005001700017008004100034010001700075035001900092040003100111042001200142043001200154050002000166082002100186100002400207245006100231260007400292300002900366490001800395504005100413650002600464710003200490830004800522gs 42000253 DLC20260227111348.0780331s1942 arua b s001 0 eng  ags 42000253  a(OCoLC)3765728 aDLCcArCCAdArCCAdDIdDLC apremarc an-us-ar00aQE87b.A2 no. 9 a(557.67) 622.0071 aSmith, George Rose.10aArkansas mining and mineral law /cby George Rose Smith. aLittle Rock :bState of Arkansas, Arksansas Geological Survey,c1942. a120 p. :bill. ;c23 cm.1 aBulletin ;v9 aIncludes bibliographical references and index. 0aMining lawzArkansas.2 aArkansas Geological Survey. 0aBulletin (Arkansas Geological Survey) ;v9.